Síntesis de compuestos carbocíclicos a partir de acetaldehido / (Record no. 180660)

MARC details
000 -LEADER
campo de control de longitud fija 00768nam a2200205 i 4500
001 - NÚMERO DE CONTROL
campo de control 180660
003 - IDENTIFICADOR DE NÚMERO DE CONTROL
campo de control ES-MaACL
005 - FECHA Y HORA DE LA ÚLTIMA TRANSACCIÓN
campo de control 20230906221145.0
008 - DATOS DE LONGITUD FIJA--INFORMACIÓN GENERAL
campo de control de longitud fija 120619s1978 es |||| | spa d
080 ## - NÚMERO DE LA CLASIFICACIÓN DECIMAL UNIVERSAL
Número de la Clasificación Decimal Universal 547.281(043.2)
100 1# - ENTRADA PRINCIPAL--NOMBRE DE PERSONA
Nombre de persona Sánchez Ferrando, Francisco.
9 (RLIN) 150678
245 10 - MENCIÓN DEL TÍTULO
Título Síntesis de compuestos carbocíclicos a partir de acetaldehido /
Mención de responsabilidad, etc. Francisco Sánchez Ferrando.
260 ## - PUBLICACIÓN, DISTRIBUCIÓN, ETC.
Lugar de publicación, distribución, etc. Barcelona :
Nombre del editor, distribuidor, etc. Universidad, Secretariado de Publicaciones, Intercambio Científico y Extensión Universitaria,
Fecha de publicación, distribución, etc. 1978.
300 ## - DESCRIPCIÓN FÍSICA
Extensión 19 p. :
Otras características físicas il. ;
Dimensiones 22 cm.
502 ## - NOTA DE TESIS
Nota de tesis Tesis Univ. Barcelona (Extracto)
504 ## - NOTA DE BIBLIOGRAFÍA, ETC.
Nota de bibliografía, etc. Bibliografía : p. 15-16.
650 #4 - PUNTO DE ACCESO ADICIONAL DE MATERIA--TÉRMINO DE MATERIA
Término de materia o nombre geográfico como elemento de entrada Acetaldehido.
9 (RLIN) 150679
710 2# - ENTRADA AGREGADA--NOMBRE DE ENTIDAD CORPORATIVA
Nombre de entidad corporativa o nombre de jurisdicción como elemento de entrada Universidad de Barcelona.
9 (RLIN) 7141
852 ## - LOCALIZACIÓN
Ubicación ES-MaACL
Número de control de estantería E-15362(197)
Holdings
Estatus retirado Estado de pérdida Estado de daño No para préstamo Biblioteca de origen Biblioteca actual Ubicación en estantería Fecha de adquisición Fuente de adquisición Total de préstamos Signatura topográfica completa Código de barras Visto por última vez Precio de reemplazo Tipo de ítem Koha
        Biblioteca del Ateneo de Madrid Biblioteca del Ateneo de Madrid Depósito 2 19/06/2012     E-15362(197) 1189831 23/02/2023 23/02/2023 Libro impreso